Normal view
MARC view
Entry Topical Term
001 - CONTROL NUMBER
- control field: 20411
003 - CONTROL NUMBER IDENTIFIER
- control field: BD-DhEWU
005 - DATE AND TIME OF LATEST TRANSACTION
- control field: 20160726212106.0
008 - FIXED-LENGTH DATA ELEMENTS
- fixed length control field: 160726|| aca||aabn | a|a d
040 ## - CATALOGING SOURCE
- Original cataloging agency: BD-DhEWU
- Transcribing agency: BD-DhEWU
150 ## - HEADING--TOPICAL TERM
- Topical term or geographic name as entry element: Bibliothèques virtuelles.
670 ## - SOURCE DATA FOUND
- Source citation: Work cat.: (BD-DhEWU)5015: Chowdhury, G. G. (Gobinda G.) 20409, Introduction to digital libraries /, 2003.